| 000 | 02266nam0a2200361 4500 | ||
|---|---|---|---|
| 001 | RU\NLR\BIBL_A\022600612 | ||
| 005 | 20260420052017.0 | ||
| 010 |
_a978-5-7046-3173-6 _9100 |
||
| 021 |
_aRU _bКН-П-25-035931 _9КН-П-25-3535 |
||
| 035 | _a(NLR Aleph) 022600612 | ||
| 090 |
_a13681448 _c13681448 |
||
| 100 | _a20250813d2025 u y0rusy50 ca | ||
| 101 | 0 | _arus | |
| 102 | _aRU | ||
| 105 | _aa j 010yy | ||
| 181 | 0 |
_ai3 _baxxe |
|
| 182 | 0 | _an | |
| 200 | 1 |
_aНагнетатели и тепловые двигатели _eзадачник _eпо курсам "Нагнетатели и тепловые двигатели", "Основы трансформации тепла и процессов охлаждения", "Нетрадиционные и возобновляемые источники энергии", "Технологические энергоносители и энергосистемы предприятий" для студентов, обучающихся по направлению 13.03.01 "Теплоэнергетика и теплотехника" _fА. В. Федюхин, В. И. Ситас _gМинистерство науки и высшего образования Российской Федерации, Национальный исследовательский университет "МЭИ" |
|
| 203 |
_aТекст _bвизуальный _cнепосредственный |
||
| 210 |
_aМосква _cИзд-во МЭИ _d2025 |
||
| 215 |
_a77с. _cил., табл. _d20 |
||
| 300 | _aНа обл.: МЭИ, 95 | ||
| 320 | _aБиблиогр.: с. 77 (10 назв.) | ||
| 606 | 1 |
_aНагнетатели _jУчебные издания для высших учебных заведений _9937483 _3RU\NLR\AUTH\66346296 |
|
| 606 | 1 |
_aТепловые двигатели _jУчебные издания для высших учебных заведений _9920119 _3RU\NLR\AUTH\66337199 |
|
| 686 | 1 | _aЗ365-044.12я73-1 | |
| 686 | 1 | _aЗ362я73-1 | |
| 700 | 1 |
_aФедюхин _bА. В. _f1989- _gАлександр Валерьевич |
|
| 701 | 1 |
_aСитас _bВ. И. _gВиктор Иванович |
|
| 942 | _cBOOK | ||
| 980 | _aNB | ||